Quiz - Pays d'Afrique de A à Z - Statistiques

Statistiques générales
  • Ce quiz a été pris 507 fois
    372 depuis la dernière actualisation
  • Le résultat moyen est 14 sur 15
Statistiques - réponses
Hint Réponse % Correct
A Angola | Algérie | Afrique du Sud
98%
C Cap-vert | Comores | Cameroun | Congo | Cote d’Ivoire
97%
E Ethiopie | Egypte | Erythrée | Eswatini
97%
M Maurice | Mauritanie | Madagascar | Mali | Maroc | Malawi | Mozambique
97%
Z Zambie | Zimbabwe
97%
T Tchad | Tanzanie | Togo |Tunisie
96%
G Gambie | Gabon | Guinée-Bissau | Guinée Equatoriale | Ghana | Guinée
95%
N Nigeria | Namibie | Niger
95%
S Senegal | Seychelles | Sao-Tomé et Principe | Sierra Leone | Somalie | Soudan | Soudan du Sud
94%
R Rwanda
91%
B Bénin | Burkina Faso | Burundi | Botswana
90%
L Liberia | Lesotho | Libye
90%
O Ouganda
90%
K Kenya
88%
D Djibouti
78%
Aucun quiz correspondant
Distribution des résultats
% des personnes avec chaque résultat
Percentile par nombre de réponses
Votre historique - résultats
Vous n’avez pas pris ce quiz depuis la dernière actualisation